Statistics for Geographic Alphabet Quiz- Europe

Click here to take the quiz!

General Stats

  • This quiz has been taken 48 times
  • The average score is 20 of 26

Answer Stats

DescriptionStarting LetterAnswer% Correct
Small, landlocked micro-state in the Pyrenees, bordered by France and SpainAAndorra
100%
Capital and largest city in Belgium, de facto capital of the European UnionBBrussels
100%
Capital and largest city of Finland, on the Gulf of FinlandHHelsinki
100%
Capital and most populous city of Bavaria, third largest city in GermanyMMunich
100%
Capital and most populous city of France, one of Europe's major centers of finance, diplomacy, commerce, fashion, and artsPParis
98%
A city in central Italy, in Tuscany, noted for its culture, Renaissance art, architecture, and monumentsFFlorence
96%
Largest city in Turkey, straddling the Bosporus Strait, located in both Europe and AsiaIIstanbul
96%
Partially-recognized country in the Balkan Peninsula, subject to a territorial dispute with SerbiaKKosovo
96%
Capital of Scotland, located in the Scottish Lowlands, on the Firth of Forth's southern shoreEEdinburgh
94%
City in the Netherlands, near the Rhine delta, it is Europe's largest seaportRRotterdam
94%
Largest island in the Mediterranean Sea, south of the Italian Peninsula across the Strait of MessinaSSicily
91%
Capital and largest city in Poland, on the Vistula RiverWWarsaw
89%
Largest city in Switzerland, one of the world's largest financial centersZZürich
89%
Region of northern France, on the English Channel, site of the largest seaborne invasion in historyNNormandy
87%
Country in Eastern Europe, bordered by Russia to the north-east, Belarus to the north and the Black Sea to the southUUkraine
87%
Longest river in Europe, it empties into the Caspian SeaVVolga River
83%
City in north-east England, known for its historical landmarks, near the city of LeedsYYork
83%
Island off the northwest coast of continental Europe, shared by Scotland, England and WalesGGreat Britain
72%
Peninsula of northern Europe that forms the continental portion of Denmark and part of northern GermanyJJutland
72%
City in southern Croatia, on the Adriatic Sea, formerly known as RagusaDDubrovnik
57%
A mountain range forming an arc throughout Central and Eastern Europe, the third-longest European mountain rangeCCarpathians
51%
Largest freshwater lake in Europe, near St. Petersburg, RussiaLLake Ladoga
34%
Longest river in the Iberian Peninsula, it empties into the Atlantic Ocean near LisbonTTagus River
30%
Third largest city of the Czech Republic, capital of the Moravian-Silesian Region, near the border with PolandOOstrava
28%
An area of the city listed above, known for its student life and lively atmosphere, home to a number of higher education institutionsQQuartier Latin
23%
Greek city in the region of Western Thrace, on the foothills of the Rhodope Mountains, famous of its annual spring carnivalXXanthi
19%

Score Distribution

Percentile by Number Answered

Percent of People with Each Score

Your Score History

You have not taken this quiz